Handbook of cosmetic science and technology / (Record no. 25499)
[ view plain ]
| 000 -LEADER | |
|---|---|
| fixed length control field | 01049cam a22003135a 4500 |
| 001 - CONTROL NUMBER | |
| control field | 18127800 |
| 005 - DATE AND TIME OF LATEST TRANSACTION | |
| control field | 20171024113259.0 |
| 008 - FIXED-LENGTH DATA ELEMENTS--GENERAL INFORMATION | |
| fixed length control field | 140418t2014 flua frb 001 0 eng d |
| 010 ## - LIBRARY OF CONGRESS CONTROL NUMBER | |
| LC control number | 2014015403 |
| 020 ## - INTERNATIONAL STANDARD BOOK NUMBER | |
| International Standard Book Number | 9781842145647 (hbk. : alk. paper) |
| 040 ## - CATALOGING SOURCE | |
| Original cataloging agency | DNLM/DLC |
| Language of cataloging | eng |
| Transcribing agency | DLC |
| Modifying agency | DLC |
| -- | EG-ScBUE |
| 082 04 - DEWEY DECIMAL CLASSIFICATION NUMBER | |
| Classification number | 668.55 |
| Item number | HAN |
| Edition number | 22 |
| 245 00 - TITLE STATEMENT | |
| Title | Handbook of cosmetic science and technology / |
| Statement of responsibility, etc | edited by André O. Barel, Marc Paye, Howard I. Maibach. |
| 246 30 - VARYING FORM OF TITLE | |
| Title proper/short title | Cosmetic science and technology |
| 250 ## - EDITION STATEMENT | |
| Edition statement | 4th ed. |
| 260 ## - PUBLICATION, DISTRIBUTION, ETC. (IMPRINT) | |
| Place of publication, distribution, etc | Boca Raton : |
| Name of publisher, distributor, etc | CRC Press / Taylor & Francis Group, |
| Date of publication, distribution, etc | c.2014. |
| 300 ## - PHYSICAL DESCRIPTION | |
| Extent | xiv, 711 p. : |
| Other physical details | ill. ; |
| Dimensions | 29 cm. |
| 504 ## - BIBLIOGRAPHY, ETC. NOTE | |
| Bibliography, etc | Includes bibliographical references and index. |
| 650 #7 - SUBJECT ADDED ENTRY--TOPICAL TERM | |
| Topical term or geographic name as entry element | Cosmetics. |
| Source of heading or term | BUEsh |
| 650 #7 - SUBJECT ADDED ENTRY--TOPICAL TERM | |
| Topical term or geographic name as entry element | Consumer Product Safety. |
| Source of heading or term | BUEsh |
| 650 #7 - SUBJECT ADDED ENTRY--TOPICAL TERM | |
| Topical term or geographic name as entry element | Skin Care. |
| Source of heading or term | BUEsh |
| 651 ## - SUBJECT ADDED ENTRY--GEOGRAPHIC NAME | |
| Source of heading or term | BUEsh |
| 653 ## - INDEX TERM--UNCONTROLLED | |
| Resource For college | Pharmacy |
| Arrived date list | October2017 |
| 655 ## - INDEX TERM--GENRE/FORM | |
| Form subdivision | Text book |
| -- | 33728 |
| 700 1# - ADDED ENTRY--PERSONAL NAME | |
| Personal name | Barel, A. O., |
| Relator term | editor. |
| 700 1# - ADDED ENTRY--PERSONAL NAME | |
| Personal name | Paye, Marc, |
| Dates associated with a name | 1959- |
| Relator term | editor. |
| 700 1# - ADDED ENTRY--PERSONAL NAME | |
| Personal name | Maibach, Howard I., |
| Relator term | editor. |
| 942 ## - ADDED ENTRY ELEMENTS (KOHA) | |
| Source of classification or shelving scheme | Dewey Decimal Classification |
| Withdrawn status | Item status | Source of classification or shelving scheme | Damaged status | Not for loan | Vendor | Home library | Current library | Shelving location | Date acquired | Source of acquisition | Cost, normal purchase price | Total Checkouts | Full call number | Barcode | Date last seen | Koha item type |
|---|---|---|---|---|---|---|---|---|---|---|---|---|---|---|---|---|
| Dewey Decimal Classification | Baccah | Central Library | Central Library | First floor | 24/10/2017 | Purchase | 2390.00 | 668.55 HAN | 000042201 | 15/07/2025 | NB - Book (Non borrowing) | |||||
| Dewey Decimal Classification | Baccah | Central Library | Central Library | First floor | 24/10/2017 | Purchase | 668.55 HAN | 000042202 | 15/07/2025 | Book - Borrowing | ||||||
| Dewey Decimal Classification | Baccah | Central Library | Central Library | First floor | 24/10/2017 | Purchase | 668.55 HAN | 000042203 | 15/07/2025 | Book - Borrowing |